Glaciares andinos (Registro nro. 306024)

Detalles MARC
000 -ENCABEZADO
Número de control [NR] 01002 a2200241 4500
005 - FECHA Y HORA DE LA ÚLTIMA TRANSACCIÓN
control field 20240220153037.0
008 - DE LONGITUD FIJA DE DATOS DE ELEMENTOS - INFORMACIÓN GENERAL
Elementos de longitud fija [NR] 170215s2011 cl abdogr|||| 001 0 spa d
020 ## - NUMERO INTERNACIONAL NORMALIZADO PARA LIBROS [R]
Número Internacional Normalizado del libro [NR] 9789567889464
040 ## - FUENTE DE CATALOGACION [NR]
Agencia de catalogación original [NR] CO-BoUCM
Idioma de catalogación [NR] spa
Quien Cataloga Sandra Palacio
Quien Clasifica David Moreno (modificó)
041 0# - CODIGO DE IDIOMA [R]
Código de idioma para texto/pista de sonido o título separado [R] Español
060 ## - SIGNATURA TOPOGRAFICA DE LA BIBLIOTECA NACIONAL DE MEDICINA (NLM) [R]
Número clasificador [R] WA 675
100 1# - ASIENTO PRINCIPAL--NOMBRE PERSONAL [NR]
Nombre personal [NR] Aedo, María Paz
ID Autoridad 84204
245 10 - MENCION DE TITULO [NR]
Título [NR] Glaciares andinos
Parte restante del título [NR] recursos hídricos y cambio climático. Desafíos para la justicia climática en el Cono Sur
Mención de responsabilidad, etc. [NR] María Paz Aedo, Teresa Montecinos
260 ## - PUBLICACION, DISTRIBUCION, ETC. (PIE DE IMPRENTA) [R]
Lugar de publicación, distribución, etc. [R] Santiago de Chile (Chile)
Nombre del editor, distribuidor, etc. [R] Universidad de Chile
Fecha de publicación, distribución, etc. [R] 2011
300 ## - DESCRIPCION FISICA [R]
Extensión [R] 179 Páginas
Otros detalles físicos [NR] ilustraciones, mapas, tablas, gráficos, fotografías
504 ## - NOTA DE BIBLIOGRAFIA, ETC. [R]
Nota de bibliografía, etc. [NR] Incluye referencias bibliográficas e índices
650 17 - ASIENTO SECUNDARIO DE MATERIA - TERMINO TEMATICO [R]
9 (RLIN) 7659
Término temático o nombre geográfico como elemento de entrada [NR] Glaciares
Subdivisión general [R] Cambio climático
Subdivisión geográfica [R] Cono sur
650 17 - ASIENTO SECUNDARIO DE MATERIA - TERMINO TEMATICO [R]
9 (RLIN) 19569
Término temático o nombre geográfico como elemento de entrada [NR] Minería
Subdivisión de forma [R] Tratados
Subdivisión geográfica [R] Chile
650 17 - ASIENTO SECUNDARIO DE MATERIA - TERMINO TEMATICO [R]
Término temático o nombre geográfico como elemento de entrada [NR] Minería
Subdivisión general [R] Tratados
Subdivisión geográfica [R] Argentina
9 (RLIN) 84205
700 1# - ASIENTO SECUNDARIO - NOMBRE PERSONAL [R]
Nombre personal [NR] Montecinos, Teresa
9 (RLIN) 84206
942 ## - ELEMENTOS DE ENTRADA AGREGADOS (KOHA)
Tipo de ítem principal el descrito en 300a Libro
Sistema de clasificación NLM
Tema principal Ciencias puras
Edición 1
Clasificación WA 675
Parte restante de la signatura top. A246g
Título oculto en OPAC No
Existencias
Fecha de último préstamo Total préstamos Total Renewals Signatura topográfica Código de barras Última vez visto Ejemplar Costo de reposición Price effective from Tipo de ítem Nota pública (OPAC) Perdido Sistema de clasificación Dañado No prestable Tipo de ítem específico Suprimido Ubicación habitual Ubicación actual Localización Fecha de creación Proveedor Forma de adquisición Costo
24/09/2025 3 1 WA 675 A246g 100152324 12/12/2025 Ej.1 26000.00 14/02/2017 Libro Spot Ciencias Naturales   NLM     Libro   Quinta de Mutis Quinta de Mutis 3er piso 14/02/2017 12 Donación 0.00